00294nam a22001097a 4500020001800000082001700018100001700035245002500052260007000077300000800147650002900155 a9788193110706 a230.0954 GEO aGeorge, P.G. aRecllaiming Manyness aSerampore, West BengalbSATHRI, Senate of Serampore Collegec2015 a208 aTheology-Christian-India